| Tag |
First Indicator |
Second Indicator |
Subfields |
| LEADER |
00000cam a2200000 4500 |
| 001 |
in00000038136 |
| 005 |
20151007080842.0 |
| 008 |
730306s1949 eng u |
| 010 |
|
|
|a 50005196
|
| 035 |
|
|
|a (OCoLC)00569256
|
| 035 |
|
|
|9 AAF5483AM
|
| 040 |
|
|
|c AKR
|d TXA
|d UtOrBLW
|
| 049 |
|
|
|a TXAM
|c [193535]
|
| 050 |
0 |
0 |
|a HQ796
|b .R62
|
| 082 |
0 |
|
|a 301.1584
|
| 092 |
|
|
|a 301.1584
|b R659c
|
| 100 |
1 |
|
|a Robinson, Duane Morris,
|d 1913-2005.
|
| 245 |
1 |
0 |
|a Chance to belong ;
|b story of the Los Angeles Youth Project, 1943-1949 /
|c Foreword by C. Whit Pfeiffer.
|
| 264 |
|
1 |
|a New York :
|b Woman's Press,
|c [1949]
|
| 300 |
|
|
|a xvii, 173 pages :
|b illustrations, maps. ;
|c 23 cm.
|
| 336 |
|
|
|a text
|b txt
|2 rdacontent
|
| 337 |
|
|
|a unmediated
|b n
|2 rdamedia
|
| 338 |
|
|
|a volume
|b nc
|2 rdacarrier
|
| 610 |
2 |
0 |
|a Los Angeles Youth Project.
|
| 650 |
|
0 |
|a Youth
|z California
|z Los Angeles.
|
| 999 |
|
|
|a MARS
|
| 999 |
f |
f |
|s 2edd9524-f366-3855-aabf-f6334dbd9e4a
|i 80863775-f85e-34fe-9490-ed74f924a57d
|t 0
|
| 952 |
f |
f |
|p ric
|a Texas A&M University
|b Rellis Campus
|c Joint Library Facility
|d Remote Storage
|t 0
|e HQ796 .R62
|h Library of Congress classification
|i unmediated -- volume
|m A14800639107
|
| 998 |
f |
f |
|a HQ796 .R62
|t 0
|l Remote Storage
|